| 000 | 00561cas a22002055a 4500 | ||
|---|---|---|---|
| 001 | L348 | ||
| 008 | 070612c1947 mc fr p 0 a0eng | ||
| 035 | _a(Sirsi) u98968 | ||
| 041 | _aeng | ||
| 110 | 2 |
_aInternational Hydrographic Bureau _9449 |
|
| 245 | 0 | 4 | _aThe International Hydrographic Review |
| 260 |
_aMonaco _bInternational Hydrographic Bureau _c1947- |
||
| 350 | _a0 | ||
| 362 | _a46(1) 1969-new series 1(1) July 2000 | ||
| 554 | _aTwo per year | ||
| 651 | 4 | _aInternational | |
| 690 |
_aHydrography _96245 |
||
| 942 | _n0 | ||
| 948 | _c20/01/1995 | ||
| 999 |
_c118604 _d118604 |
||